Ens hem quedat amb la vida destrossada /

por Liu, Yilong

ISBN: 9791399053500
Publicado: València : Barcelona : Galés Edicions ; Institut del Teatre , 2025
Descripción Física: 188 pàgines ; 19 cm
Descripción: "Cinc desconeguts s'apleguen al capdavall de Brooklyn, perseguint el somni de córrer la marató de Nova York, encara que ni són ben bé desconeguts, ni es tracta ben bé del seu somni. Són un grup de receptors d'un trasplantament decidits a complir l'ultima voluntat del seu donant,...
Idioma: Catalán , English

MARC

LEADER 00000nam a22000004i 4500
001 29007
003 AGDB
005 20260324181539.0
008 250709s2025 spc ||||r|||||0|| d cat|c
017 |a V 2158-2025  |b Oficina DL València 
020 |a 9791399053500 
020 |a 9788410278455 
040 |a ES-BaIT  |b cat  |e rda  |c ES-BaIT 
041 1 |a cat  |h eng 
080 |a 820(73)-2"20" 
100 1 |a Liu, Yilong,  |e autor 
245 1 0 |a Ens hem quedat amb la vida destrossada /  |c Yilong Liu ; traducció: Albert Arribes ; pròleg: Israel Solà 
250 |a 1a edició 
264 1 |a València :  |b Galés Edicions ;  |a Barcelona :  |b Institut del Teatre,  |c juny 2025 
300 |a 188 pàgines ;  |c 19 cm 
336 |a text  |b txt  |2 rdacontent 
337 |a sense mediació  |b n  |2 rdamedia 
338 |a volum  |b nc  |2 rdacarrier 
490 1 |a Zona d'emergència 
520 |a "Cinc desconeguts s'apleguen al capdavall de Brooklyn, perseguint el somni de córrer la marató de Nova York, encara que ni són ben bé desconeguts, ni es tracta ben bé del seu somni. Són un grup de receptors d'un trasplantament decidits a complir l'ultima voluntat del seu donant, tot i que cadascú de fet vagi a la seva. Una peça sobre les segones oportunitats per Yilong Liu, dramaturg nascut a la Xina resident a Nova York, que constitueix una mostra excel·lent del panorama teatral independent dels Estats Units." -- Contracoberta 
700 1 |a Arribas, Albert  |q (Arribas Queralt),  |e traductor 
700 1 |a Solà, Israel,  |e escriptor d'un pròleg 
710 2 |a Institut del Teatre (Barcelona, Catalunya),  |e entitat editora 
830 0 |a Zona d'emergència 
908 |a CDMAE 
940 |a CDMAE 
942 |2 udc  |c ARXIU  |n 1 
952 |0 0  |1 0  |2 udc  |4 0  |6 BIB1368  |7 1  |9 98617  |a Arxiu  |b Arxiu  |d 2025-11-07  |l 0  |o Bib-1368  |p 29007  |r 2025-11-07 13:27:43  |w 2025-11-07  |y ARXIU 
999 |c 130359  |d 130359